000
00317nam a22001457a 4500
008
230213b ||||| |||| 00| 0 eng d
020
_a
0471890065
041
_a
eng
080
_a
159.9
082
_a
159.9AAR
100
_a
25
101
_a
PSI
245
_a
IMPROVE YOUR PHYSICS GRADE
_c
AARON.R
942
_2
udc
_c
BK
999
_c
59352
_d
59352